Central Library OPAC University of Rajshahi

Draupadi / (Record no. 13733)

MARC details
000 -LEADER
fixed length control field 00887nam a2200313 a 4500
001 - CONTROL NUMBER
control field 13733
003 - CONTROL NUMBER IDENTIFIER
rucl marc code BD-RjUL
005 - DATE AND TIME OF LATEST TRANSACTION
control field 20211208235514.0
008 - FIXED-LENGTH DATA ELEMENTS--GENERAL INFORMATION
fixed length control field 140201s1998 bg 000 0 eng
020 ## - INTERNATIONAL STANDARD BOOK NUMBER
International Standard Book Number 9840737708
035 ## - SYSTEM CONTROL NUMBER
System control number (UkLCURL)l80099935030
-- (BD-RjUL)13785
040 ## - CATALOGING SOURCE
Original cataloging agency DLC
Transcribing agency DLC
Language of cataloging eng
Modifying agency BD-RjUL
041 1# - LANGUAGE CODE
Language code of text/sound track or separate title eng
-- ben
082 04 - DEWEY DECIMAL CLASSIFICATION NUMBER
Edition number 23
Classification number 891.4437
Author mark and year KHD 1998
100 1# - MAIN ENTRY--PERSONAL NAME
Personal name Khan, Razia.
9 (RLIN) 42971
245 10 - TITLE STATEMENT
Title Draupadi /
Statement of responsibility, etc. Razia Khan.
250 ## - EDITION STATEMENT
Edition statement 1st ed.
260 ## - PUBLICATION, DISTRIBUTION, ETC. (IMPRINT)
Place of publication, distribution, etc. Dhaka :
Name of publisher, distributor, etc. Bangla Academy,
Date of publication, distribution, etc. 1998.
300 ## - PHYSICAL DESCRIPTION
Pagination 179 p ;
Size 21 cm.
490 ## - SERIES STATEMENT
Series statement B. A. (1997-98: LLCJD: Language & Literature Section: 13) ;
Volume/sequential designation 3761
500 ## - GENERAL NOTE
General note Translations into English.
520 ## - SUMMARY, ETC.
Summary, etc. Novel.
650 #0 - SUBJECT ADDED ENTRY--TOPICAL TERM
Topical term or geographic name as entry element Bengali fiction
Form subdivision Translations into English.
9 (RLIN) 42972
942 ## - ADDED ENTRY ELEMENTS (KOHA)
Source of classification or shelving scheme Dewey Decimal Classification
Koha item type Books
Holdings
Lost status Source of classification or shelving scheme Damaged status Not for loan Permanent Location Current Location Shelving location Date acquired Source of acquisition Cost, normal purchase price Total Checkouts Full call number Date last seen Copy number Koha item type
  Dewey Decimal Classification   Not For Loan Central Library, University of Rajshahi Central Library, University of Rajshahi Reading Room 24/06/2013 Bangla academy 85.00   891.4437 KHD 1998 01/02/2014 C-1 Books
  Dewey Decimal Classification     Central Library, University of Rajshahi Central Library, University of Rajshahi   24/06/2013 Bangla academy 85.00   891.4437 KHD 1998 01/02/2014 C-2 Books
  Dewey Decimal Classification     Central Library, University of Rajshahi Central Library, University of Rajshahi   24/06/2013 Bangla academy 85.00   891.4437 KHD 1998 01/02/2014 C-3 Books